| 000 | 00965nam a2200253 a 4500 | ||
|---|---|---|---|
| 003 | DO-SdBNP | ||
| 005 | 20211012140617.0 | ||
| 007 | ta | ||
| 008 | 211012e2019 dr ab||er|||| 00| 0 spa d | ||
| 020 | _a9789945166194 | ||
| 040 |
_aDO-SdBNP _bspa _cBNPHU |
||
| 082 | 4 |
_222 _bE775i |
|
| 100 | 1 |
_aEspinosa Nova, Francisco _980179 |
|
| 245 | 1 | 3 |
_aLa inmigración irregular y las políticas públicas de seguridad: caso de España y República Dominicana. / _bFrancisco Espinosa Navas, Rafael David Sánchez Gómez |
| 260 |
_aSanto Domingo : _bFUNGLODE, _c2019 |
||
| 300 |
_a99 p. : _bil., mapas ; _c23 cm. |
||
| 490 |
_aCuaderno del Cesede; _v1 |
||
| 590 | _aInventariado 2021 /MF | ||
| 700 | 1 |
_aSánchez Gómez, Rafael David _980182 |
|
| 710 | 1 |
_aFundación Global de Desarrollo (República de Dominicana) _980180 |
|
| 830 |
_aCuaderno del Cesede; _lspa _n1 _980181 |
||
| 830 |
_aFundación Global de Desarrollo (República de Dominicana) _970237 |
||
| 942 |
_2ddc _cLBS1 |
||
| 999 |
_c50736 _d50736 |
||